000 00667nam a2200181 i 4500
001 63061
003 ES-MaACL
005 20250911063534.0
007 t|
008 031128s1916 sp ||||1| spa d
100 1 _aFernández de Velasco, Recaredo,
_dn. 1889-
_949721
245 1 3 _aEl Estatuto de funcionarios
_b: principios generales : legislación extranjera : legislación española /
_cRecaredo Fernández de Velasco ; prólogo de Antonio Royo Villanova.
260 _aMadrid :
_bAntonio Marzo,
_c1916.
300 _a184 p. ;
_c20 cm.
700 1 _aRoyo Villanova, Antonio,
_d1869-1958
_9100235
852 _aES-MaACL
_jD-1751
999 _c63061
_d63061